Disrupting the binary code: (Record no. 3211)

MARC details
000 -LEADER
fixed length control field 00602nam a2200205 4500
003 - CONTROL NUMBER IDENTIFIER
control field LK-CoMWRAF
005 - DATE AND TIME OF LATEST TRANSACTION
control field 20230828115041.0
008 - FIXED-LENGTH DATA ELEMENTS--GENERAL INFORMATION
fixed length control field 230818b2017 |||||||| |||| 00| 0 eng d
020 ## - INTERNATIONAL STANDARD BOOK NUMBER
International Standard Book Number 9789551770334
040 ## - CATALOGING SOURCE
Original cataloging agency LK-CoMWRAF
Modifying agency LK-CoMWRAF
Description conventions LK-CoMWRAF
041 ## - LANGUAGE CODE
Language code of text/sound track or separate title English
082 ## - DEWEY DECIMAL CLASSIFICATION NUMBER
Classification number 306.76
Item number WOM
942 ## - ADDED ENTRY ELEMENTS (KOHA)
Koha item type Books
110 ## - MAIN ENTRY--CORPORATE NAME
Corporate name or jurisdiction name as entry element Women and Media Collective
245 ## - TITLE STATEMENT
Title Disrupting the binary code:
Remainder of title experience of LGBT Sri Lankans Online
260 ## - PUBLICATION, DISTRIBUTION, ETC. (IMPRINT)
Place of publication, distribution, etc. Colombo:
Name of publisher, distributor, etc. Women and Media Collective,
Date of publication, distribution, etc. 2017
300 ## - PHYSICAL DESCRIPTION
Extent 124 p. ;21 cm
650 ## - SUBJECT ADDED ENTRY--TOPICAL TERM
Topical term or geographic name as entry element DIGITAL MEDIA-Social aspects
650 ## - SUBJECT ADDED ENTRY--TOPICAL TERM
Topical term or geographic name as entry element LGBT-Sri Lanka
Holdings
Withdrawn status Lost status Damaged status Not for loan Permanent Location Current Location Date acquired Full call number Barcode Koha item type
        Resource center, Muslim Women's Research And Action Forum Resource center, Muslim Women's Research And Action Forum 2023-08-18 306.76 WOM RAF17 Books

Copyright © 2023 Muslim Women's Research and Action Forum (MWRAF), No 27/3, Anderson Road, Kalubowila, Dehiwela. Funded by The Asia Fundation